000 01152nam a2200313 a 4500
001 000113074
003 CHAP
005 20220329144337.0
008 170407s2016 mx sm |||||||spa d
010 _a109535
011 _a110507
040 _cCHAP
090 _aTesis
100 1 _aCruz Nopal, Beatriz
_9131898
245 1 0 _aEstudio fenológico de 5 variedades de cempasúchitl (Tagetes spp.) en Chapingo Estado de México
_h[En línea]
_cpor Beatriz Cruz Nopal.
260 _aChapingo, Méx. :
_bEl autor,
_c2016.
500 _aPara ver el contenido del material haga clic en la liga
502 _aTesis (Ing. Agr. Esp. en Fitotecnia ) -- UACH. Departamento de Fitotecnia
590 _aE5765TAJ
_b05
_c20170407
_lUCH01
_h0933
590 _aE5765TAJ
_b05
_c20170407
_lUCH01
_h0933
650 1 4 _aCempazúchil
_xCrecimiento.
_9131899
650 1 4 _aCempazúchil
_xEfecto del medio ambiente.
_9131901
650 1 4 _aCempazúchil
_xFisiología y morfología.
_9131900
650 1 4 _aCempazúchil
_xFloración.
_9131902
856 _aFinding aid
_uhttp://10.13.5.2/tesis/sist113074.pdf
_zTeclea aquí
901 _aBK
942 _cTESIS
942 _n0
999 _c109535
_d109535